Football Managers by Most Used Player #3 - Statistics

General Stats
  • This quiz has been taken 241 times
  • The average score is 6 of 12
Answer Stats
Answer % Correct
Pep Guardiola
99%
Mikel Arteta
98%
Xavi Hernandez
71%
Frank Lampard
68%
Thomas Tuchel
65%
Massimiliano Allegri
51%
Lionel Scaloni
48%
Sean Dyche
44%
Arne Slot
40%
Ruben Amorim
23%
Ottmar Hitzfeld
15%
Luciano Spalletti
14%
No matching quizzes found
Score Distribution
Percent of People with Each Score
Percentile by Number Answered
Your Score History
You have not taken this quiz